| 000 | 00488nam a2200145Ia 4500 | ||
|---|---|---|---|
| 003 | OSt | ||
| 005 | 20260227142632.0 | ||
| 008 | 211028s2019 xx 000 0 und d | ||
| 040 | _cAIMIT LIBRARY | ||
| 041 | _aeng | ||
| 100 |
_aPinto, Vishali Joylin; Wright, Rowena. _g1716223 _98195 |
||
| 245 | _aImpact of job enrichment on employee motivation with reference to Mangalore Refinery and Petrochemical Ltd. (MRPL) Mangalore / | ||
| 260 |
_aMangalore _bSwapna Rose _c2019 |
||
| 942 |
_2ddc _cPRO |
||
| 999 |
_c219763 _d219763 |
||